Jakie terytoria posiadała Polska? - Statystyki

Ogólne statystyki
  • Ten quiz został rozwiązany 8 498 razy
    8 335 od ostatniego zresetowania
  • Średni wynik to 13 z 15
Statystyki odpowiedzi
Państwa pod Polskim władaniem % Poprawnych
Litwa
99%
Rosja
99%
Niemcy
98%
Ukraina
98%
Czechy
97%
Łotwa
97%
Estonia
96%
Słowacja
96%
Białoruś
94%
Węgry
91%
Rumunia
83%
Mołdawia
81%
Szwecja
76%
Trynidad i Tobago
28%
Gambia
25%
Nie znaleziono quizów pasujących do podanych kryteriów
Rozkład punktacji
Procent ludzi z każdym wynikiem
Percentyl według liczby udzielonych odpowiedzi
Twoja historia wyników
Nie rozwiązałeś tego quizu od ostatniego zresetowania